00431 2200157 4500001002100000008004100021035002000062245005900082100001900141260004100160300002000201082000800221650001800229990001300247990001300260INLIS000000000000295 ind  a0010-0322000295 aTHE AXE AND THE TWO TRAVELLERS AND OTHER STORIEScIKHA aDIDIK DJUNAEDI aJAKARTAbPT. GADING INTI PRIMAc2015 a54 hlm.c25 cm. a823 aFIKSI INGGRIS a102468-1 a102468-2